| 000 | 00677nam a2200217Ia 4500 | ||
|---|---|---|---|
| 001 | 16764 | ||
| 003 | GE_BSU | ||
| 008 | 181216s||||||||xx |||||||||||||| ||und|| | ||
| 040 | _cGE_BSU | ||
| 080 | _a821.353.1-31 | ||
| 100 | _aავალიანი, ლადო | ||
| 245 | _aახალი ჰორიზონტი.რომანი 6 ნაწილად.ნაწ. 3-4 | ||
| 245 | _bრომანი | ||
| 260 | _aთბილისი | ||
| 260 | _bსაბჭ. საქართველო | ||
| 260 | _c1964 | ||
| 300 | _a315 გვ.20 სმ. | ||
| 653 | _aახალი ჰორიზონტი | ||
| 653 | _aრომანი | ||
| 942 | _cBK | ||
| 999 |
_c49829 _d49829 |
||